La fábrica del hombre endeudado : (Registro nro. 5460)
[ vista simple ]
| 000 -LEADER | |
|---|---|
| fixed length control field | 01123nam a2200289Ia 4500 |
| 003 - CONTROL NUMBER IDENTIFIER | |
| control field | OSt |
| 005 - DATE AND TIME OF LATEST TRANSACTION | |
| control field | 20200610124224.0 |
| 008 - FIXED-LENGTH DATA ELEMENTS--GENERAL INFORMATION | |
| fixed length control field | 191128s2013 ar gr 000 0 spa d |
| 020 ## - INTERNATIONAL STANDARD BOOK NUMBER | |
| International Standard Book Number | 9789505183579 |
| 040 ## - CATALOGING SOURCE | |
| Original cataloging agency | CO-JMCR |
| Transcribing agency | CO-JMCR |
| 041 1# - LANGUAGE CODE | |
| Language code of text/sound track or separate title | spa |
| Language code of original | fr |
| 082 04 - DEWEY DECIMAL CLASSIFICATION NUMBER | |
| Classification number | 330.122 / |
| Item number | L199f |
| Edition number | 23 |
| 100 1# - MAIN ENTRY--PERSONAL NAME | |
| Personal name | Lazzarato, Maurizio, |
| Relator term | autor |
| 9 (RLIN) | 5383 |
| 245 13 - TITLE STATEMENT | |
| Title | La fábrica del hombre endeudado : |
| Remainder of title | ensayo sobre la condición neoliberal / |
| Statement of responsibility, etc. | Maurizio Lazzarato ; traducción Horacio Pons |
| 250 ## - EDITION STATEMENT | |
| Edition statement | 1a ed. |
| 260 ## - PUBLICATION, DISTRIBUTION, ETC. | |
| Place of publication, distribution, etc. | Buenos Aires, Madrid : |
| Name of publisher, distributor, etc. | Amorrortu, |
| Date of publication, distribution, etc. | 2013. |
| 300 ## - PHYSICAL DESCRIPTION | |
| Extent | 191 páginas ; |
| Dimensions | 19 cm. |
| 490 0# - SERIES STATEMENT | |
| Series statement | Nómadas |
| 500 ## - GENERAL NOTE | |
| General note | Incluye datos biográficos del autor en la cubierta. |
| 505 ## - FORMATTED CONTENTS NOTE | |
| Formatted contents note | Aprehender la deuda como fundamento de lo social -- La genealogía de la deuda y del deudor -- El influjo de la deuda en el neoliberalismo |
| 534 ## - ORIGINAL VERSION NOTE | |
| Introductory phrase | La fabrique de l'homme edetté. Essai sur la condition néolibérale. |
| 546 ## - LANGUAGE NOTE | |
| Language note | Traducido del italiano. |
| 650 14 - SUBJECT ADDED ENTRY--TOPICAL TERM | |
| Topical term or geographic name entry element | Neoliberalismo Deuda |
| 9 (RLIN) | 5384 |
| 650 24 - SUBJECT ADDED ENTRY--TOPICAL TERM | |
| Topical term or geographic name entry element | Aspectos sociales |
| 9 (RLIN) | 5385 |
| 700 1# - ADDED ENTRY--PERSONAL NAME | |
| Personal name | Pons, Horacio, |
| Relator term | traductor |
| 9 (RLIN) | 5386 |
| 942 ## - ADDED ENTRY ELEMENTS (KOHA) | |
| Source of classification or shelving scheme | Dewey Decimal Classification |
| Koha item type | Books |
| Withdrawn status | Lost status | Source of classification or shelving scheme | Materials specified (bound volume or other part) | Damaged status | Not for loan | Home library | Current library | Shelving location | Date acquired | Source of acquisition | Cost, normal purchase price | Total Checkouts | Total Renewals | Full call number | Barcode | Date last seen | Date last checked out | Copy number | Price effective from | Koha item type |
|---|---|---|---|---|---|---|---|---|---|---|---|---|---|---|---|---|---|---|---|---|
| Dewey Decimal Classification | Donación--15/04/2018-- | Biblioteca Pública José María del Castillo y Rada | Biblioteca Pública José María del Castillo y Rada | General Stacks | 11/28/2019 | Donación | 0.00 | 5 | 8 | 330.122 / L199f | 430001954 | 12/12/2024 | 12/10/2024 | Ej.1 | 11/28/2019 | Books |